| 000 | 00937nam a22002537a 4500 | ||
|---|---|---|---|
| 999 |
_c2695 _d2695 |
||
| 003 | AR-CdUCM | ||
| 008 | 190305b ||||| |||| 00| 0 spa d | ||
| 040 |
_aMUNICIPALIDAD PROVINCIAL DEL CUSCO _cBIBLIOTECA MUNICIPAL DEL CUSCO |
||
| 041 | _heng | ||
| 082 |
_22ed. _a372.4 / _bR483 |
||
| 100 |
_aRibble, Margaret A. _99452 |
||
| 245 |
_aDerechos del niño : _bPrimera necesidades psicológicas y su satisfacción / |
||
| 260 |
_aBuenos Aires : _bNova, _c1958. |
||
| 300 |
_a198 paginas ; _c19 cm. |
||
| 440 |
_aColección. _99234 |
||
| 505 | _aLos deberes de la madre -- Hambre de oxigeno -- La succión -- Desarrollo y la función sensorial -- El sueño -- Conducta pre mental... | ||
| 650 |
_aDerechos y obligaciones _99453 |
||
| 650 |
_aDesarrollo emocional _99454 |
||
| 650 |
_aSalud mental _99455 |
||
| 650 |
_aPadre y madre _99456 |
||
| 700 |
_aMorera, Maria Esther (Traductor) _99457 |
||
| 942 |
_2ddc _cLIBROS |
||
| 945 | _awnts | ||